[Event "SVK-ch U10"]
[Site "Tatralandia"]
[Date "2015.04.23"]
[Round "7"]
[White "Struhar, Matus"]
[Black "Buda, Ondrej"]
[Result "1/2-1/2"]
[WhiteElo "1000"]
[BlackElo "1000"]
[PlyCount "78"]
[EventDate "2015.04.18"]
[EventType "swiss"]
[EventRounds "9"]
[EventCountry "SVK"]
[SourceTitle "CBM 166 Extra"]
[Source "ChessBase"]
[SourceDate "2015.06.18"]
[SourceVersion "1"]
[SourceVersionDate "2015.06.18"]
[SourceQuality "1"]

1. e4 e5 2. Nf3 Nc6 3. Bb5 a6 4. Bxc6 dxc6 5. Nxe5 Qd4 6. Nf3 Qxe4+ 7. Kf1 Nf6 8. Nc3 Qg6 9. d3 Bc5 10. Nh4 Qg4 11. Qxg4 Nxg4 12. Ne4 b6 13. f3 Ne3+ 14. Bxe3 Bxe3 15. Re1 Bd4 16. c3 Bc5 17. Nxc5+ Kd8 18. Ne4 Be6 19. Ng5 Bxa2 20. c4 Kc8 21. Nxf7 Rf8 22. Ng5 Kb7 23. Nxh7 Rh8 24. Nf5 Rxh7 25. Re7 Rg8 26. Kf2 b5 27. Ra1 Bb3 28. Nd4 Ba4 29. b3 c5 30. bxa4 cxd4 31. axb5 axb5 32. cxb5 Rxh2 33. Rb1 g5 34. b6 Kc8 35. b7+ Kb8 36. Re4 Rh6 37. Rxd4 Rb6 38. Rdb4 Kxb7 39. Rxb6+ cxb6 1/2-1/2

[Event "SVK-ch U10"]
[Site "Tatralandia"]
[Date "2015.04.20"]
[Round "4"]
[White "Lovcican, Tomas"]
[Black "Struhar, Matus"]
[Result "1-0"]
[WhiteElo "1207"]
[BlackElo "1000"]
[PlyCount "81"]
[EventDate "2015.04.18"]
[EventType "swiss"]
[EventRounds "9"]
[EventCountry "SVK"]
[SourceTitle "CBM 166 Extra"]
[Source "ChessBase"]
[SourceDate "2015.06.18"]
[SourceVersion "1"]
[SourceVersionDate "2015.06.18"]
[SourceQuality "1"]

1. e4 e5 2. Nf3 d6 3. d4 Nf6 4. dxe5 Nxe4 5. exd6 Bxd6 6. Qe2 Bf5 7. Nd4 Qc8 8. f3 c5 9. Nxf5 Qxf5 10. Qxe4+ Qxe4+ 11. fxe4 0-0 12. Bb5 a6 13. Ba4 b5 14. Bb3 c4 15. 0-0 cxb3 16. axb3 Re8 17. Bf4 Bxf4 18. Rxf4 g5 19. Rg4 h6 20. Nc3 b4 21. Nb5 Rc8 22. c3 Rc5 23. c4 Nc6 24. Nd6 h5 25. Rg3 Rd8 26. Nb7 h4 27. Rg4 Re5 28. Nxd8 Nxd8 29. Rxa6 Kf8 30. Rb6 Kg7 31. Rxb4 Kh6 32. Kf2 Kh5 33. h3 Nc6 34. Rb7 f5 35. exf5 Rxf5+ 36. Ke3 Re5+ 37. Re4 Rf5 38. b4 Nd8 39. Rd7 Nc6 40. b5 Nb8 41. Rb7 1-0